Normal view MARC view
  • DEATTU, DR. N. & SHEELA, DR. N.B.SANTHA AND KUMAR, MR. SUNIL

Entry Personal Name

Number of records used in: 1

001 - CONTROL NUMBER

  • control field: 8538

003 - CONTROL NUMBER IDENTIFIER

  • control field: JRU

005 - DATE AND TIME OF LATEST TRANSACTION

  • control field: 20240918162231.0

008 - FIXED-LENGTH DATA ELEMENTS

  • fixed length control field: 240918|| aca||aabn | a|a d

040 ## - CATALOGING SOURCE

  • Original cataloging agency: JRU
  • Transcribing agency: JRU

100 ## - HEADING--PERSONAL NAME

  • Personal name: DEATTU, DR. N. & SHEELA, DR. N.B.SANTHA AND KUMAR, MR. SUNIL

670 ## - SOURCE DATA FOUND

  • Source citation: Work cat.: (JRU)8667: DEATTU, DR. N. & SHEELA, DR. N.B.SANTHA AND KUMAR, MR. SUNIL, BIOPHARMACOKINETICS [ B, PHARMA , 6TH. SEMESTER ]